[Event "BIH-chT 16th"]
[Site "Sarajevo"]
[Date "2017.08.29"]
[Round "7.2"]
[White "Drasko, Milan"]
[Black "Dendic, Amar"]
[Result "1-0"]
[WhiteElo "2449"]
[BlackElo "1702"]
[PlyCount "41"]
[EventDate "2017.08.24"]
[EventType "team-tourn"]
[EventRounds "9"]
[EventCountry "BIH"]
[SourceTitle "CBM 180 Extra"]
[Source "ChessBase"]
[SourceDate "2017.10.06"]
[SourceVersion "1"]
[SourceVersionDate "2017.10.06"]
[SourceQuality "1"]
[WhiteTeam "Sarajevo Bosna"]
[BlackTeam "Zenica Celik"]
[WhiteTeamCountry "BIH"]
[BlackTeamCountry "BIH"]

1. Nf3 Nf6 2. g3 g6 3. Bg2 Bg7 4. d4 0-0 5. 0-0 d6 6. c4 Bf5 7. Nc3 Qc8 8. Re1 Rd8 9. e4 Bg4 10. Be3 Nc6 11. Rc1 a6 12. a3 Rb8 13. b4 b5 14. cxb5 axb5 15. Nxb5 Rxb5 16. Rxc6 Bd7 17. Rc1 Nxe4 18. Qc2 Qa8 19. Nd2 d5 20. Nxe4 Bf5 21. Qe2 1-0

[Event "Stuttgart-chC int"]
[Site "Ditzingen"]
[Date "2014.05.31"]
[Round "7"]
[White "Dendic, Amar"]
[Black "Mijic, Marcel"]
[Result "1-0"]
[WhiteElo "1281"]
[BlackElo "1198"]
[PlyCount "73"]
[EventDate "2014.05.29"]
[EventType "swiss"]
[EventRounds "7"]
[EventCountry "GER"]
[SourceTitle "EXT 2015"]
[Source "ChessBase"]
[SourceDate "2014.11.20"]
[SourceVersion "1"]
[SourceVersionDate "2014.11.20"]
[SourceQuality "1"]

1. e4 c5 2. Nf3 Nc6 3. d4 cxd4 4. Nxd4 g6 5. Nc3 Bg7 6. Be3 Nf6 7. f3 0-0 8. Qd2 d5 9. 0-0-0 dxe4 10. fxe4 Bd7 11. Kb1 Ng4 12. Bg1 Nxd4 13. Bxd4 Bxd4 14. Qxd4 Bc6 15. Qg1 Qa5 16. Be2 Nf6 17. Bf3 Rfd8 18. Qe3 Qe5 19. Rde1 Rd4 20. g4 Nd7 21. h4 f6 22. g5 Rf8 23. Bg2 Kg7 24. h5 fxg5 25. hxg6 Kxg6 26. Qh3 Nf6 27. Qh6+ Kf7 28. Ref1 Ke6 29. Qxf8 Nxe4 30. Bh3+ Kd6 31. Qd8+ Kc5 32. Qa5+ b5 33. Rf5 Qxf5 34. Bxf5 Nd2+ 35. Kc1 Nc4 36. Qxa7+ Kb4 37. a3+ 1-0

[Event "Stuttgart-chC int"]
[Site "Ditzingen"]
[Date "2014.05.30"]
[Round "5"]
[White "Dendic, Amar"]
[Black "Hilger, Herbert"]
[Result "0-1"]
[WhiteElo "1281"]
[BlackElo "1080"]
[PlyCount "86"]
[EventDate "2014.05.29"]
[EventType "swiss"]
[EventRounds "7"]
[EventCountry "GER"]
[SourceTitle "EXT 2015"]
[Source "ChessBase"]
[SourceDate "2014.11.20"]
[SourceVersion "1"]
[SourceVersionDate "2014.11.20"]
[SourceQuality "1"]

1. e4 e5 2. Nf3 Nc6 3. Bc4 h6 4. c3 Nf6 5. d3 Be7 6. Nbd2 0-0 7. 0-0 d6 8. Re1 Bg4 9. h3 Bh5 10. Nf1 Nd7 11. Ng3 Bg6 12. Be3 Nb6 13. Bb3 Na5 14. Bc2 Nc6 15. d4 Nc4 16. d5 Nxe3 17. Rxe3 Nb8 18. c4 Nd7 19. b4 a6 20. a4 a5 21. b5 b6 22. Ne1 Nc5 23. Nd3 Nxd3 24. Bxd3 Bg5 25. Re1 Bf4 26. Ne2 Bg5 27. Rf1 f5 28. exf5 Bxf5 29. Ng3 Bd7 30. Ne4 Bf5 31. Qe2 Bxe4 32. Qxe4 Bf6 33. Qf5 Qc8 34. Qh7+ Kf7 35. Bf5 Qd8 36. Qg6+ Ke7 37. f4 Qe8 38. fxe5 Qxg6 39. Bxg6 Bxe5 40. Rxf8 Rxf8 41. Re1 Rf4 42. Bd3 Kf6 43. Rf1 Bd4+ 0-1

[Event "Stuttgart-chC int"]
[Site "Ditzingen"]
[Date "2014.05.29"]
[Round "2"]
[White "Thomas, Leonhard"]
[Black "Dendic, Amar"]
[Result "1/2-1/2"]
[WhiteElo "1340"]
[BlackElo "1281"]
[PlyCount "75"]
[EventDate "2014.05.29"]
[EventType "swiss"]
[EventRounds "7"]
[EventCountry "GER"]
[SourceTitle "EXT 2015"]
[Source "ChessBase"]
[SourceDate "2014.11.20"]
[SourceVersion "1"]
[SourceVersionDate "2014.11.20"]
[SourceQuality "1"]

1. e4 e5 2. Nf3 Nc6 3. Bb5 a6 4. Bxc6 dxc6 5. d3 Bd6 6. h3 Nf6 7. Nbd2 0-0 8. Nf1 Re8 9. Ng3 Bd7 10. 0-0 c5 11. Qe2 h6 12. Nh4 Bf8 13. Nhf5 Bxf5 14. Nxf5 Kh7 15. f4 exf4 16. Rxf4 g6 17. Ng3 Bd6 18. Rf3 Be5 19. Rb1 Qd6 20. Nf1 Kg7 21. Kh1 b6 22. Qe3 Ng8 23. Qf2 Re7 24. Bf4 Bxf4 25. Rxf4 Qe6 26. Ne3 Qxa2 27. Rf1 Rf8 28. h4 h5 29. Qg3 Kh7 30. Nd5 Rd7 31. Qh3 Qa4 32. g4 hxg4 33. Qxg4 Qc6 34. Nf6+ Nxf6 35. Rxf6 Rd6 36. Rxf7+ Kg8 37. Qf4 Qe8 38. Rf6 1/2-1/2